<?xml version="1.0" encoding="UTF-8"?>
<collection xmlns="http://www.loc.gov/MARC21/slim">
 <record>
  <leader>01943nam a22002417a 4500</leader>
  <controlfield tag="001">NCT_50158</controlfield>
  <controlfield tag="008">180913b        xxu||||| |||| 00| 0 vie d</controlfield>
  <datafield tag="999" ind1=" " ind2=" ">
   <subfield code="c">2397</subfield>
   <subfield code="d">2397</subfield>
  </datafield>
  <datafield tag="020" ind1=" " ind2=" ">
   <subfield code="a">9786048221782</subfield>
   <subfield code="c">93000</subfield>
  </datafield>
  <datafield tag="082" ind1="0" ind2="4">
   <subfield code="2">23rd ed.</subfield>
   <subfield code="a">621.32</subfield>
   <subfield code="b">Y600</subfield>
  </datafield>
  <datafield tag="100" ind1="1" ind2=" ">
   <subfield code="a">Đỗ Như Ý</subfield>
  </datafield>
  <datafield tag="245" ind1="1" ind2="0">
   <subfield code="a">Kỹ thuật chiếu sáng</subfield>
   <subfield code="b">Lý thuyết - Bài tập - ứng dụng phần mềm Dialux</subfield>
   <subfield code="c">Đỗ Như Ý</subfield>
  </datafield>
  <datafield tag="260" ind1=" " ind2=" ">
   <subfield code="a">H.</subfield>
   <subfield code="b">Xây dựng</subfield>
   <subfield code="c">2017</subfield>
  </datafield>
  <datafield tag="300" ind1=" " ind2=" ">
   <subfield code="a">176tr.</subfield>
   <subfield code="b">minh họa</subfield>
   <subfield code="c">27cm</subfield>
  </datafield>
  <datafield tag="520" ind1="3" ind2=" ">
   <subfield code="a">Trong xã hội hiện đại hệ thống chiếu sáng có một vai trò hết sức cần thiết và quan trọng. Chức năng của hệ thống chiếu sáng là cung cấp ánh sáng. Ngoài đảm bảo điều kiện tiện nghị lao động, tiện nghị sinh hoạt của con người chiếu sáng còn nâng cao tính thẩm mỹ cho các công trình, tiết kiệm năng lượng và thuận lợi trong bảo dưỡng, vận hành.</subfield>
  </datafield>
  <datafield tag="653" ind1=" " ind2=" ">
   <subfield code="a">Kỹ thuật Công trình Xây dựng</subfield>
  </datafield>
  <datafield tag="942" ind1=" " ind2=" ">
   <subfield code="2">ddc</subfield>
   <subfield code="c">BK</subfield>
  </datafield>
  <datafield tag="952" ind1=" " ind2=" ">
   <subfield code="0">0</subfield>
   <subfield code="1">0</subfield>
   <subfield code="2">ddc</subfield>
   <subfield code="4">0</subfield>
   <subfield code="6">621_320000000000000_Y600</subfield>
   <subfield code="7">0</subfield>
   <subfield code="9">13824</subfield>
   <subfield code="a">000001</subfield>
   <subfield code="b">000001</subfield>
   <subfield code="d">2018-09-13</subfield>
   <subfield code="o">621.32 Y600</subfield>
   <subfield code="p">MD.13039</subfield>
   <subfield code="r">2018-09-13</subfield>
   <subfield code="v">93000.00</subfield>
   <subfield code="w">2018-09-13</subfield>
   <subfield code="y">BK</subfield>
  </datafield>
  <datafield tag="952" ind1=" " ind2=" ">
   <subfield code="0">0</subfield>
   <subfield code="1">0</subfield>
   <subfield code="2">ddc</subfield>
   <subfield code="4">0</subfield>
   <subfield code="6">621_320000000000000_Y600</subfield>
   <subfield code="7">0</subfield>
   <subfield code="9">13825</subfield>
   <subfield code="a">000001</subfield>
   <subfield code="b">000001</subfield>
   <subfield code="d">2018-09-13</subfield>
   <subfield code="o">621.32 Y600</subfield>
   <subfield code="p">MD.13040</subfield>
   <subfield code="r">2018-09-13</subfield>
   <subfield code="v">93000.00</subfield>
   <subfield code="w">2018-09-13</subfield>
   <subfield code="y">BK</subfield>
  </datafield>
  <datafield tag="952" ind1=" " ind2=" ">
   <subfield code="0">0</subfield>
   <subfield code="1">0</subfield>
   <subfield code="2">ddc</subfield>
   <subfield code="4">0</subfield>
   <subfield code="6">621_320000000000000_Y600</subfield>
   <subfield code="7">0</subfield>
   <subfield code="9">13826</subfield>
   <subfield code="a">000001</subfield>
   <subfield code="b">000001</subfield>
   <subfield code="d">2018-09-13</subfield>
   <subfield code="o">621.32 Y600</subfield>
   <subfield code="p">MD.13041</subfield>
   <subfield code="r">2018-09-13</subfield>
   <subfield code="v">93000.00</subfield>
   <subfield code="w">2018-09-13</subfield>
   <subfield code="y">BK</subfield>
  </datafield>
  <datafield tag="952" ind1=" " ind2=" ">
   <subfield code="0">0</subfield>
   <subfield code="1">0</subfield>
   <subfield code="2">ddc</subfield>
   <subfield code="4">0</subfield>
   <subfield code="6">621_320000000000000_Y600</subfield>
   <subfield code="7">0</subfield>
   <subfield code="9">13827</subfield>
   <subfield code="a">000001</subfield>
   <subfield code="b">000001</subfield>
   <subfield code="d">2018-09-13</subfield>
   <subfield code="o">621.32 Y600</subfield>
   <subfield code="p">MD.13042</subfield>
   <subfield code="r">2018-09-13</subfield>
   <subfield code="v">93000.00</subfield>
   <subfield code="w">2018-09-13</subfield>
   <subfield code="y">BK</subfield>
  </datafield>
  <datafield tag="952" ind1=" " ind2=" ">
   <subfield code="0">0</subfield>
   <subfield code="1">0</subfield>
   <subfield code="2">ddc</subfield>
   <subfield code="4">0</subfield>
   <subfield code="6">621_320000000000000_Y600</subfield>
   <subfield code="7">0</subfield>
   <subfield code="9">13828</subfield>
   <subfield code="a">000001</subfield>
   <subfield code="b">000001</subfield>
   <subfield code="d">2018-09-13</subfield>
   <subfield code="o">621.32 Y600</subfield>
   <subfield code="p">MD.13043</subfield>
   <subfield code="r">2018-09-13</subfield>
   <subfield code="v">93000.00</subfield>
   <subfield code="w">2018-09-13</subfield>
   <subfield code="y">BK</subfield>
  </datafield>
  <datafield tag="980" ind1=" " ind2=" ">
   <subfield code="a">Thư viện Trường Đại học Nam Cần Thơ</subfield>
  </datafield>
 </record>
</collection>
